| 000 | 00790nam a2200265Ia 4500 | ||
|---|---|---|---|
| 003 | GCL | ||
| 008 | 140319s9999 xx 000 0 ara d | ||
| 020 | _a8153709977 | ||
| 040 |
_aGCL / _cGCL |
||
| 082 | 0 | 4 |
_a759.1 _bم آ |
| 100 | 1 | _aمنى خزندار | |
| 245 | 1 | 0 |
_aادم حنين / _cمنى خزندار |
| 250 | _aالاولى | ||
| 260 |
_aالقاهرة : _bدار الشروق ، _c2006 |
||
| 300 |
_a343 ص ؛ _c28 سم |
||
| 650 | 0 | 4 | _aالفنون الجميلة |
| 650 | 0 | 4 | _aالفنون التشكيلية |
| 650 | 0 | 4 | _aالتصوير |
| 650 | 0 | 4 | _aالفنانون العرب |
| 650 | 0 | 4 | _aالفنانون - تراجم |
| 650 | 0 | 4 | _aالنحت - الطرق الفنية |
| 650 | 0 | 4 | _aالنحت - نماذج |
| 650 | 0 | 4 | _aادم حنين |
| 942 |
_2ddc _cBK |
||
| 999 |
_c9586 _d9586 |
||